Personnages SCREAM 1 - Statistiques

Statistiques générales
  • Ce quiz a été pris 213 fois
  • Le résultat moyen est 11 sur 16
Statistiques - réponses
Par images Réponse % Correct
Sidney Prescott
100%
Billy Loomis
96%
Stuart Macher
93%
Tatum Riley
92%
Gale Weathers
89%
Dwight Riley
88%
Randy Meeks
76%
Casey Becker
73%
Maureen Prescott
73%
Cotton Weary
72%
Steven Orth
69%
Neil Prescott
57%
Kenny
47%
Arthur Himbry
33%
Shérif Burke
23%
Hank Loomis
14%
Aucun quiz correspondant
Distribution des résultats
% des personnes avec chaque résultat
Percentile par nombre de réponses
Votre historique - résultats
Vous n’avez pas pris ce quiz